| 000 | 01020nam a2200277 a 4500 | ||
|---|---|---|---|
| 001 | 000037772 | ||
| 005 | 20201002031119.0 | ||
| 008 | 130305s2007 dr ac r 000 0 spa d | ||
| 020 | _a9789993493440 | ||
| 040 |
_aDO-SdBNP _bspa _cBNPHU |
||
| 041 | 0 | 7 |
_aspa _2eng |
| 082 |
_a796.092 _bP438m |
||
| 100 | 1 |
_aPérez Guante, Carlos _98458 |
|
| 245 | 1 | 0 |
_aMacorisanos al bate = _bMacorisano at bat / _cCarlos Pérez Guante ; traducción Adolfo Camarena. |
| 246 | 1 | 0 | _aMacorisanos al bate |
| 260 |
_aSanto Domingo : _bCorripio, _c2007. |
||
| 300 |
_a145 p. : _bil., retrs. ; _c24 cm. |
||
| 546 | _aTexto en Inglés y Español. | ||
| 590 | _aInventariado, 2018/BT | ||
| 650 | 4 |
_aBeisbol _zRepública Dominicana _vBIOGRAFÍAS _964220 |
|
| 650 | 4 |
_aJugadores de beisbol _937961 |
|
| 650 | 4 |
_aDeportistas _zRepública Dominicana _vBIOGRAFÍAS _964221 |
|
| 651 | 4 |
_aSan Pedro De Macorís (República Dominicana{Rpara} _vBIOGRAFÍAS _98459 |
|
| 700 | 1 |
_aCamarena, Adolfo, _etr. _964222 |
|
| 910 | _aValidado. Control de calidad. EMS | ||
| 999 |
_c37262 _d37262 |
||